LEADER 01259nam a2200289 i 4500 001 000000105651 003 CaOOAMICUS 005 20070614101731.0 008 070614s1975 it 001 u lat c 040 $aPUG$bita$dPUL$dES 041 0 $alat$aeng 100 1 $aManetti, Giannozzo.$0(OLS)http://pul/name/64876 245 10$aIanotii Manetti De dignitate et excellentia hominis /$cedidit Elizabeth R. Leonard. 260 $aPatavii :$bin aedibus Antenoreis,$c1975. 300 $axxxv, 160 p. ;$c21 cm 490 1 $aThesaurus mundi ;$v12 500 $aIndici p. 151-160 504 $aContiene riferimenti bibliografci 700 1 $aLeonard, Elizabeth R.,$eed.$0(OLS)http://pul/name/64877 740 0 $aDe dignitate et excellentia hominis. 830 0$aThesaurus mundi ;$v12.$0(OLS)http://pul/title/7690 850 $aPUL 852 $aPUL$W1$xSL Cons. Gen., Altre Classi 1$y1$m2000 B 12$j118398$qStampati$B118300$CPULBib$Z2$F118300 $H42757 $82 941 1 $a8 996 $6245$aIanotii Manetti De dignitate et excellentia hominis$9(OLS)http://pul/title/132987 996 $6740$aDe dignitate et excellentia hominis$9(OLS)http://pul/title/132988 996 $6260$aPatavii :$bin aedibus Antenoreis$9(OLS)http://pul/publisher/79241 LEADER 01146nam a2200241 u 4500 001 000000106658 003 CaOOAMICUS 005 20070904102453.0 008 070904s1996 fr u000 u fre u 040 $aPUL$bita$dPG 110 2 $aAssociation catholique française pour l'étude de la Bible.$bCongrès$n(16th :$d1995 :$cStrasburgo).$0(OLS)http://pul/name/79832 245 10$aPaul de Tarse :$bCongrès de L'ACFEB (Strasbourg, 1995) /$cpublié sous la direction de Jacques Schlosser. 260 $aParis :$bLes Éditions du Cerf,$c1996. 300 $a376 p. ;$c23 cm. 490 1 $aLectio divina ;$v165 600 04$aPaulus,$cs., apostolo.$0(OLS)http://pul/subject/417 700 1 $aSchlosser, Jacques.$0(OLS)http://pul/name/12465 830 0$aLectio divina ;$v165.$0(OLS)http://pul/title/3461 850 $aPUL 852 $aPUL$W1$xSL Religione 1$y3$m9 I 165$j120599$qStampati$B119844$CPULBib$Z2$F119844 $H79171 $82 941 1 $a8 996 $6245$aPaul de Tarse :$bCongrès de L'ACFEB (Strasbourg, 1995)$9(OLS)http://pul/title/134282 996 $6260$aParis :$bLes Éditions du Cerf$9(OLS)http://pul/publisher/47861